000 00548nam a2200181Ia 4500
005 20260429112243.0
008 260429s9999||||xx |||||||||||||| ||und||
020 _a9789392757241
041 _aHindi
082 _a891.433
_bSHU
100 _aशुक्ल, श्रीलाल
245 0 _aराग दरबारी /
_cश्रीलाल शुक्ल
250 _a1st ed.
260 _aनई दिल्ली :
_bराजकमल प्रकाशन,
_c2023.
300 _a486 p.; Hb
650 _aNovel
942 _cTB
999 _c53138
_d53138